...Archaeological researches in Nicaragua /

Bibliographic Details
Main Author: Brandsford, John Francis, 1846-1911
Format: Book
Language:English
Published: Washington city : Smothsonian institution, 1881.
Series:Smithsonian contributions to knowledge ; v. 25, art. 2.
Subjects:

MARC

Tag First Indicator Second Indicator Subfields
LEADER 00000cam a2200000 4500
001 in00000336805
005 20151011052747.0
008 751205s1881 dcuae 00010 eng
010 |a s 13000101  
035 |a (OCoLC)01876223 
035 |9 ABL4859AM 
040 |a DLC  |c FQG  |d TXA  |d UtOrBLW 
049 |a TXAM  |c [1511716] 
050 0 0 |a Q11  |b .S68 vol.25 
090 |a Q11  |b .S68 vol.25, art.2 
100 1 |a Brandsford, John Francis,  |d 1846-1911. 
245 1 0 |a ...Archaeological researches in Nicaragua /  |c By J. F. Bransford... 
264 1 |a Washington city :  |b Smothsonian institution,  |c 1881. 
300 |a 2, iii-v 96 pages :  |b  illustrations (including plan) 2 plates ;  |c 33 cm. 
336 |a text  |b txt  |2 rdacontent 
337 |a unmediated  |b n  |2 rdamedia 
338 |a volume  |b nc  |2 rdacarrier 
490 1 |a Smithsonian contributions to knowledge. [vol. xxv, art. 2] 
500 |a Smithsonian institution publication 383. 
651 0 |a Nicaragua  |x Antiquities. 
830 0 |a Smithsonian contributions to knowledge ;  |v v. 25, art. 2. 
999 |a MARS 
999 f f |s 57a70131-37cd-3e66-bc05-99546fd6f74f  |i 3b6df4e3-a848-3271-bd20-fa4fab3ccb9c  |t 0 
952 f f |p normal  |a Texas A&M University  |b College Station  |c Sterling C. Evans Library  |d Evans: Library Stacks  |t 0  |e Q11 .S68 vol.25, art.2  |h Library of Congress classification  |i unmediated -- volume  |m A14804380360 
998 f f |a Q11 .S68 vol.25, art.2  |t 0  |l Evans: Library Stacks